[Event "FRA-ch Blitz Online Qual"]
[Site "Europe Echecs INT"]
[Date "2020.05.16"]
[Round "14"]
[White "Abiven, Pierre Louis"]
[Black "Lesage, Margot"]
[Result "1-0"]
[WhiteElo "1200"]
[BlackElo "1598"]
[PlyCount "59"]
[EventDate "2020.05.16"]
[EventType "swiss (blitz)"]
[EventRounds "15"]
[EventCountry "FRA"]
[SourceTitle "CBM 196 Extra"]
[Source "ChessBase"]
[SourceDate "2020.07.31"]
[SourceVersion "1"]
[SourceVersionDate "2020.07.31"]
[SourceQuality "1"]

1. e4 c5 2. Nf3 Nc6 3. Bc4 g6 4. d4 cxd4 5. Nxd4 Bg7 6. Be3 Nf6 7. Nxc6 bxc6 8. Nc3 0-0 9. 0-0 Rb8 10. Bb3 Ba6 11. Re1 Qc7 12. Qf3 e6 13. Red1 d5 14. exd5 cxd5 15. Bf4 e5 16. Bg5 d4 17. Bxf6 dxc3 18. Bxg7 Kxg7 19. Qxc3 Qe7 20. Re1 Rfe8 21. f4 f6 22. fxe5 fxe5 23. Re3 Qg5 24. Rae1 Bb7 25. Rg3 Qf5 26. Rf1 Qe4 27. Qf3 Qd4+ 28. Qf2 Qxb2 29. Qf7+ Kh8 30. Qf6# 1-0

[Event "FRA-ch Blitz Online Qual"]
[Site "Europe Echecs INT"]
[Date "2020.05.16"]
[Round "13"]
[White "Gandreuil, Brice"]
[Black "Abiven, Pierre Louis"]
[Result "1-0"]
[WhiteElo "1500"]
[BlackElo "1200"]
[PlyCount "125"]
[EventDate "2020.05.16"]
[EventType "swiss (blitz)"]
[EventRounds "15"]
[EventCountry "FRA"]
[SourceTitle "CBM 196 Extra"]
[Source "ChessBase"]
[SourceDate "2020.07.31"]
[SourceVersion "1"]
[SourceVersionDate "2020.07.31"]
[SourceQuality "1"]

1. e4 e5 2. Nf3 Nc6 3. Bc4 Bc5 4. 0-0 Nf6 5. d4 exd4 6. e5 Ne4 7. Re1 Na5 8. Bxf7+ Kxf7 9. Rxe4 Rf8 10. Nxd4 Bxd4 11. Qxd4 Kg8 12. Qd5+ Rf7 13. Rf4 Qe7 14. Rxf7 Qxf7 15. Qxa5 b6 16. Qc3 Bb7 17. Qxc7 Qd5 18. f3 Qd1+ 19. Kf2 Qxc1 20. Qxb7 Qxc2+ 21. Kg3 Rf8 22. Qd5+ Kh8 23. Qd2 Qxd2 24. Nxd2 Rc8 25. Nb3 g6 26. Rc1 Rxc1 27. Nxc1 Kg7 28. Nd3 Kf7 29. f4 Ke6 30. Kf3 h6 31. g3 h5 32. b3 a6 33. a3 a5 34. b4 d6 35. bxa5 bxa5 36. a4 dxe5 37. Nxe5 Kf5 38. h3 g5 39. g4+ hxg4+ 40. hxg4+ Kf6 41. Nd7+ Ke6 42. Nc5+ Kd5 43. Nb7 gxf4 44. Nxa5 Ke5 45. Nc4+ Kd4 46. Nd6 Ke5 47. Nf7+ Kf6 48. Nh6 Kg5 49. Nf5 Kf6 50. a5 Ke6 51. a6 Kd7 52. a7 Kc7 53. a8Q Kd7 54. Qa3 Ke6 55. Qb4 Kf6 56. Qc4 Kg6 57. Qd4 Kh7 58. Qe4 Kh8 59. Qxf4 Kg8 60. g5 Kh8 61. Nh6 Kg7 62. Qf7+ Kh8 63. Qg8# 1-0